Statistics for 13 letter words quiz

Click here to take the quiz!

General Stats

  • This quiz has been taken 449 times
  • The average score is 6 of 10

Answer Stats

HintLetterAnswer% Correct
Group of stars forming a shapeCConstellation
84%
WorldwideIInternational
82%
Lover of arithmeticMMathematician
77%
A shape with four sidesQQuadrilateral
67%
Preservation of a dead bodyMMummification
64%
AmusementEEntertainment
62%
Greatly suprisedFFlabbergasted
58%
RebirthRReincarnation
54%
IncredibleEExtraordinary
40%
UnimportantIInsignificant
25%

Score Distribution

Percentile by Number Answered

Percent of People with Each Score

Your Score History

You have not taken this quiz